Statistics for Skeksis TitleQuiz

Click here to take the quiz!

General Stats

  • This quiz has been taken 12 times
    (10 since last reset)
  • The average score is 12 of 18

Answer Stats

Answer% Correct
Chamberlain
100%
Emperor
100%
Scientist
100%
Collector
67%
Garthim Master
67%
General
67%
Gourmand
67%
Heretic/Conqueror
67%
Hunter
67%
Mariner
67%
Ornamentalist
67%
Ritual Master
67%
Satirist
67%
Scroll Keeper
67%
Slave Master
67%
Treasurer
67%
N/A
33%
N/A
33%

Score Distribution

Percentile by Number Answered

Percent of People with Each Score

Your Score History

You have not taken this quiz since the last reset